[Event "DVM U16 2023"]
[Site "Magdeburg GER"]
[Date "2023.12.29"]
[Round "5"]
[White "Nitsche, Nikolai"]
[Black "Hoffmann, Kay"]
[Result "1-0"]
[Termination "normal"]
[Board "4.2"]
[WhiteElo "1874"]
[BlackElo "2088"]
[WhiteClock "00:14:58"]
[BlackClock "00:25:45"]
[WhiteTeam "SV Empor Berlin"]
[BlackTeam "Barnimer SF im SV Stahl Finow"]
[PlyCount "81"]
[WhiteFideId "16221036"]
[BlackFideId "16227000"]
[EventCountry "GER"]
[EventRounds "7"]
[EventType "team-swiss"]
[EventDate "2023.12.26"]

1. Nf3 {[%clk 01:30:56]} {[%emt 00:00:03]} Nf6 {[%clk 01:30:56]} {[%emt
00:00:05]} 2. g3 {[%clk 01:31:18]} {[%emt 00:00:08]} d5 {[%clk 01:31:21]}
{[%emt 00:00:05]} 3. Bg2 {[%clk 01:31:44]} {[%emt 00:00:04]} c6 {[%clk
01:31:48]} {[%emt 00:00:03]} 4. O-O {[%clk 01:32:08]} {[%emt 00:00:05]} Nbd7
{[%clk 01:32:15]} {[%emt 00:00:03]} 5. d3 {[%clk 01:31:10]} {[%emt 00:01:28]}
e5 {[%clk 01:32:38]} {[%emt 00:00:07]} 6. Nc3 {[%clk 01:31:14]} {[%emt
00:00:26]} Bd6 {[%clk 01:32:55]} {[%emt 00:00:14]} 7. e4 {[%clk 01:31:37]}
{[%emt 00:00:06]} d4 {[%clk 01:33:20]} {[%emt 00:00:05]} 8. Ne2 {[%clk
01:32:03]} {[%emt 00:00:04]} O-O {[%clk 01:33:25]} {[%emt 00:00:24]} 9. Nh4
{[%clk 01:30:56]} {[%emt 00:01:37]} Re8 {[%clk 01:30:25]} {[%emt 00:03:31]} 10.
f4 {[%clk 01:28:37]} {[%emt 00:02:49]} exf4 {[%clk 01:27:03]} {[%emt 00:03:51]}
11. Nf5 {[%clk 01:28:35]} {[%emt 00:00:31]} f3 {[%clk 01:27:05]} {[%emt
00:00:29]} 12. Bxf3 {[%clk 01:28:23]} {[%emt 00:00:42]} Ne5 {[%clk 01:27:05]}
{[%emt 00:00:31]} 13. Bg2 {[%clk 01:25:59]} {[%emt 00:02:54]} Bf8 {[%clk
01:15:59]} {[%emt 00:11:35]} 14. Bg5 {[%clk 01:21:16]} {[%emt 00:05:12]} Neg4
{[%clk 01:14:40]} {[%emt 00:01:50]} 15. h3 {[%clk 01:05:14]} {[%emt 00:16:32]}
Bxf5 {[%clk 01:10:27]} {[%emt 00:04:42]} 16. Rxf5 {[%clk 01:03:50]} {[%emt
00:01:55]} Ne3 {[%clk 01:06:50]} {[%emt 00:04:07]} 17. Bxe3 {[%clk 01:00:03]}
{[%emt 00:04:16]} dxe3 {[%clk 01:07:13]} {[%emt 00:00:07]} 18. c3 {[%clk
00:56:02]} {[%emt 00:04:32]} g6 {[%clk 01:05:08]} {[%emt 00:02:35]} 19. Rf3
{[%clk 00:54:39]} {[%emt 00:01:52]} Bh6 {[%clk 01:03:33]} {[%emt 00:02:05]} 20.
Qc2 {[%clk 00:52:10]} {[%emt 00:02:59]} Nd7 {[%clk 00:55:38]} {[%emt 00:08:24]}
21. d4 {[%clk 00:48:28]} {[%emt 00:04:12]} Qe7 {[%clk 00:54:05]} {[%emt
00:02:02]} 22. e5 {[%clk 00:33:23]} {[%emt 00:15:36]} f6 {[%clk 00:52:31]}
{[%emt 00:02:04]} 23. Qb3+ {[%clk 00:30:53]} {[%emt 00:03:00]} Kh8 {[%clk
00:47:48]} {[%emt 00:05:12]} 24. Qxb7 {[%clk 00:29:20]} {[%emt 00:02:04]} fxe5
{[%clk 00:46:59]} {[%emt 00:01:19]} 25. Raf1 {[%clk 00:27:22]} {[%emt
00:02:28]} Rf8 {[%clk 00:45:44]} {[%emt 00:01:44]} 26. Qxc6 {[%clk 00:25:41]}
{[%emt 00:02:11]} exd4 {[%clk 00:45:12]} {[%emt 00:01:01]} 27. cxd4 {[%clk
00:25:19]} {[%emt 00:00:52]} Rac8 {[%clk 00:43:34]} {[%emt 00:02:08]} 28. Rxf8+
{[%clk 00:20:54]} {[%emt 00:04:56]} Rxf8 {[%clk 00:43:58]} {[%emt 00:00:06]}
29. Rxf8+ {[%clk 00:21:21]} {[%emt 00:00:03]} Nxf8 {[%clk 00:43:25]} {[%emt
00:01:03]} 30. Bd5 {[%clk 00:18:47]} {[%emt 00:03:04]} Kg7 {[%clk 00:36:12]}
{[%emt 00:07:43]} 31. Kg2 {[%clk 00:16:56]} {[%emt 00:02:20]} Qf6 {[%clk
00:28:10]} {[%emt 00:08:32]} 32. Qxf6+ {[%clk 00:16:36]} {[%emt 00:00:50]} Kxf6
{[%clk 00:28:35]} {[%emt 00:00:05]} 33. Kf3 {[%clk 00:17:01]} {[%emt 00:00:05]}
Ne6 {[%clk 00:28:45]} {[%emt 00:00:20]} 34. Bxe6 {[%clk 00:16:58]} {[%emt
00:00:32]} Kxe6 {[%clk 00:29:09]} {[%emt 00:00:05]} 35. Ke4 {[%clk 00:16:19]}
{[%emt 00:01:09]} Kd6 {[%clk 00:28:45]} {[%emt 00:00:54]} 36. b3 {[%clk
00:14:32]} {[%emt 00:02:17]} a6 {[%clk 00:28:13]} {[%emt 00:01:02]} 37. Nc3
{[%clk 00:14:46]} {[%emt 00:00:16]} Kc6 {[%clk 00:26:43]} {[%emt 00:02:00]} 38.
Kd3 {[%clk 00:14:44]} {[%emt 00:00:32]} Kb6 {[%clk 00:24:57]} {[%emt 00:02:16]}
39. Nd5+ {[%clk 00:14:07]} {[%emt 00:01:07]} Kb5 {[%clk 00:25:20]} {[%emt
00:00:08]} 40. Nxe3 {[%clk 00:14:32]} {[%emt 00:00:05]} Kb4 {[%clk 00:25:45]}
{[%emt 00:00:05]} 41. Nc2+ {[%clk 00:14:58]} {[%emt 00:00:04]} 1-0

[Event "DVM U16 2023"]
[Site "Magdeburg GER"]
[Date "2023.12.29"]
[Round "5"]
[White "Studzinski, Bruno"]
[Black "Stein, Theodor"]
[Result "0-1"]
[Termination "normal"]
[Board "4.3"]
[WhiteElo "1576"]
[BlackElo "1700"]
[WhiteClock "00:02:40"]
[BlackClock "00:11:41"]
[WhiteTeam "Barnimer SF im SV Stahl Finow"]
[BlackTeam "SV Empor Berlin"]
[PlyCount "146"]
[WhiteFideId "16296478"]
[BlackFideId "34602801"]
[EventCountry "GER"]
[EventRounds "7"]
[EventType "team-swiss"]
[EventDate "2023.12.26"]

1. d4 {[%clk 01:30:54]} {[%emt 00:00:05]} Nf6 {[%clk 01:30:57]} {[%emt
00:00:04]} 2. Bf4 {[%clk 01:31:10]} {[%emt 00:00:14]} d5 {[%clk 01:31:20]}
{[%emt 00:00:06]} 3. e3 {[%clk 01:31:18]} {[%emt 00:00:23]} c5 {[%clk
01:31:45]} {[%emt 00:00:05]} 4. c3 {[%clk 01:31:26]} {[%emt 00:00:22]} Nc6
{[%clk 01:32:09]} {[%emt 00:00:05]} 5. Nf3 {[%clk 01:31:44]} {[%emt 00:00:13]}
Qb6 {[%clk 01:32:32]} {[%emt 00:00:07]} 6. Qc2 {[%clk 01:31:27]} {[%emt
00:00:47]} Bf5 {[%clk 01:32:39]} {[%emt 00:00:24]} 7. dxc5 {[%clk 01:31:25]}
{[%emt 00:00:33]} Bxc2 {[%clk 01:32:39]} {[%emt 00:00:30]} 8. cxb6 {[%clk
01:31:44]} {[%emt 00:00:11]} axb6 {[%clk 01:32:49]} {[%emt 00:00:20]} 9. Nbd2
{[%clk 01:31:48]} {[%emt 00:00:26]} Rc8 {[%clk 01:26:27]} {[%emt 00:06:51]} 10.
h3 {[%clk 01:26:45]} {[%emt 00:05:33]} h6 {[%clk 01:22:22]} {[%emt 00:04:36]}
11. Bb5 {[%clk 01:24:20]} {[%emt 00:02:54]} Bf5 {[%clk 01:16:58]} {[%emt
00:05:54]} 12. Ne5 {[%clk 01:14:23]} {[%emt 00:10:28]} Bd7 {[%clk 01:14:44]}
{[%emt 00:02:44]} 13. Nxd7 {[%clk 01:12:29]} {[%emt 00:02:24]} Nxd7 {[%clk
01:14:25]} {[%emt 00:00:49]} 14. Nf3 {[%clk 01:10:19]} {[%emt 00:02:40]} g5
{[%clk 01:09:51]} {[%emt 00:05:04]} 15. Bh2 {[%clk 01:03:01]} {[%emt 00:07:48]}
Bg7 {[%clk 01:10:08]} {[%emt 00:00:14]} 16. Nd4 {[%clk 01:01:41]} {[%emt
00:01:48]} Na7 {[%clk 00:35:41]} {[%emt 00:34:56]} 17. Ba4 {[%clk 00:59:55]}
{[%emt 00:02:12]} Bxd4 {[%clk 00:35:31]} {[%emt 00:00:44]} 18. cxd4 {[%clk
00:54:56]} {[%emt 00:05:29]} b5 {[%clk 00:35:05]} {[%emt 00:00:56]} 19. Bd1
{[%clk 00:51:57]} {[%emt 00:03:27]} Nb6 {[%clk 00:34:38]} {[%emt 00:00:59]} 20.
O-O {[%clk 00:51:22]} {[%emt 00:01:05]} O-O {[%clk 00:34:07]} {[%emt 00:01:01]}
21. b3 {[%clk 00:36:10]} {[%emt 00:15:42]} Rc3 {[%clk 00:27:17]} {[%emt
00:07:21]} 22. Be2 {[%clk 00:34:37]} {[%emt 00:02:02]} Rfc8 {[%clk 00:27:07]}
{[%emt 00:00:40]} 23. Bg3 {[%clk 00:27:48]} {[%emt 00:07:19]} Kg7 {[%clk
00:21:34]} {[%emt 00:06:04]} 24. a4 {[%clk 00:13:19]} {[%emt 00:14:59]} Rxb3
{[%clk 00:17:01]} {[%emt 00:05:03]} 25. axb5 {[%clk 00:13:34]} {[%emt
00:00:15]} Nxb5 {[%clk 00:16:57]} {[%emt 00:00:32]} 26. Bxb5 {[%clk 00:13:32]}
{[%emt 00:00:33]} Rxb5 {[%clk 00:17:17]} {[%emt 00:00:10]} 27. Rfb1 {[%clk
00:13:06]} {[%emt 00:00:56]} Rxb1+ {[%clk 00:16:06]} {[%emt 00:01:41]} 28. Rxb1
{[%emt 00:00:03]} Rc6 {[%clk 00:12:25]} {[%emt 00:04:10]} 29. Bb8 {[%clk
00:13:23]} {[%emt 00:00:41]} e6 {[%clk 00:11:37]} {[%emt 00:01:18]} 30. Ba7
{[%clk 00:13:23]} {[%emt 00:00:27]} Nc4 {[%clk 00:12:03]} {[%emt 00:00:07]} 31.
Rxb7 {[%clk 00:13:08]} {[%emt 00:00:44]} Nd2 {[%clk 00:12:18]} {[%emt
00:00:15]} 32. Bc5 {[%clk 00:09:43]} {[%emt 00:03:55]} Ne4 {[%clk 00:08:56]}
{[%emt 00:03:52]} 33. Rb6 {[%clk 00:06:10]} {[%emt 00:04:03]} Rc7 {[%clk
00:08:50]} {[%emt 00:00:36]} 34. Rb5 {[%clk 00:06:31]} {[%emt 00:00:09]} Rc8
{[%clk 00:07:55]} {[%emt 00:01:24]} 35. g3 {[%clk 00:06:00]} {[%emt 00:01:02]}
Kf6 {[%clk 00:07:54]} {[%emt 00:00:31]} 36. Kg2 {[%clk 00:05:43]} {[%emt
00:00:46]} Ra8 {[%clk 00:07:08]} {[%emt 00:01:17]} 37. Rb2 {[%clk 00:05:39]}
{[%emt 00:00:33]} Ra1 {[%clk 00:05:55]} {[%emt 00:01:43]} 38. Rc2 {[%clk
00:05:43]} {[%emt 00:00:26]} Rd1 {[%clk 00:03:52]} {[%emt 00:02:34]} 39. Bb4
{[%clk 00:05:25]} {[%emt 00:00:47]} Rb1 {[%clk 00:03:50]} {[%emt 00:00:33]} 40.
Ba5 {[%clk 00:04:33]} {[%emt 00:01:23]} Nd6 {[%clk 00:02:33]} {[%emt 00:01:46]}
41. Bd8+ {[%clk 00:04:03]} {[%emt 00:00:59]} Kg6 {[%clk 00:02:33]} {[%emt
00:00:30]} 42. Be7 {[%clk 00:03:35]} {[%emt 00:00:58]} Nc4 {[%clk 00:02:19]}
{[%emt 00:00:43]} 43. Bc5 {[%clk 00:03:23]} {[%emt 00:00:42]} Rb3 {[%clk
00:02:00]} {[%emt 00:00:50]} 44. Be7 {[%clk 00:02:34]} {[%emt 00:01:20]} Rb7
{[%clk 00:01:09]} {[%emt 00:01:21]} 45. Bc5 {[%clk 00:02:49]} {[%emt 00:00:15]}
Rc7 {[%clk 00:01:29]} {[%emt 00:00:10]} 46. Kf3 {[%clk 00:25:36]} {[%emt
00:07:43]} Nd6 {[%clk 00:28:05]} {[%emt 00:03:54]} 47. Rb2 {[%clk 00:23:14]}
{[%emt 00:02:52]} Ne4 {[%clk 00:28:13]} {[%emt 00:00:22]} 48. Rc2 {[%clk
00:23:15]} {[%emt 00:00:29]} h5 {[%clk 00:28:03]} {[%emt 00:00:41]} 49. Kg2
{[%clk 00:16:53]} {[%emt 00:06:52]} g4 {[%clk 00:25:24]} {[%emt 00:03:09]} 50.
h4 {[%clk 00:14:37]} {[%emt 00:02:46]} Rb7 {[%clk 00:23:59]} {[%emt 00:01:56]}
51. Bf8 {[%clk 00:12:07]} {[%emt 00:02:59]} Rb1 {[%clk 00:23:44]} {[%emt
00:00:45]} 52. Bc5 {[%clk 00:11:53]} {[%emt 00:00:45]} Rd1 {[%clk 00:24:01]}
{[%emt 00:00:13]} 53. Bb4 {[%clk 00:11:42]} {[%emt 00:00:39]} Rb1 {[%clk
00:23:00]} {[%emt 00:01:32]} 54. Bc5 {[%clk 00:12:04]} {[%emt 00:00:08]} Kf6
{[%clk 00:22:44]} {[%emt 00:00:46]} 55. Bf8 {[%clk 00:11:12]} {[%emt 00:01:22]}
Rb8 {[%clk 00:22:45]} {[%emt 00:00:30]} 56. Ba3 {[%clk 00:11:12]} {[%emt
00:00:26]} Ra8 {[%clk 00:22:42]} {[%emt 00:00:37]} 57. Bb4 {[%clk 00:11:22]}
{[%emt 00:00:19]} Ra4 {[%clk 00:22:37]} {[%emt 00:00:35]} 58. Be1 {[%clk
00:09:45]} {[%emt 00:02:07]} Nd6 {[%clk 00:17:56]} {[%emt 00:05:11]} 59. Bd2
{[%clk 00:08:13]} {[%emt 00:02:02]} Ke7 {[%clk 00:17:29]} {[%emt 00:00:56]} 60.
Rc7+ {[%clk 00:07:41]} {[%emt 00:01:03]} Kd8 {[%clk 00:17:43]} {[%emt
00:00:16]} 61. Rc2 {[%clk 00:08:10]} {[%emt 00:00:01]} Nc4 {[%clk 00:17:49]}
{[%emt 00:00:24]} 62. Be1 {[%clk 00:07:57]} {[%emt 00:00:41]} Kc7 {[%clk
00:17:34]} {[%emt 00:00:46]} 63. Kh2 {[%clk 00:07:05]} {[%emt 00:01:23]} Kb6
{[%clk 00:17:33]} {[%emt 00:00:31]} 64. Kg2 {[%clk 00:07:34]} {[%emt 00:00:01]}
Kb5 {[%clk 00:17:51]} {[%emt 00:00:12]} 65. Rc1 {[%clk 00:06:46]} {[%emt
00:01:18]} Ra2 {[%clk 00:13:20]} {[%emt 00:05:00]} 66. Rb1+ {[%clk 00:07:09]}
{[%emt 00:00:07]} Ka4 {[%clk 00:11:47]} {[%emt 00:02:03]} 67. Rb4+ {[%clk
00:06:55]} {[%emt 00:00:41]} Ka3 {[%clk 00:12:14]} {[%emt 00:00:06]} 68. Rb7
{[%clk 00:07:19]} {[%emt 00:00:06]} Nxe3+ {[%clk 00:12:25]} {[%emt 00:00:19]}
69. Kg1 {[%clk 00:06:25]} {[%emt 00:01:22]} Nc2 {[%clk 00:12:01]} {[%emt
00:00:55]} 70. Ra7+ {[%clk 00:06:15]} {[%emt 00:00:41]} Kb3 {[%clk 00:12:17]}
{[%emt 00:00:14]} 71. Rb7+ {[%clk 00:03:24]} {[%emt 00:03:21]} Kc4 {[%clk
00:12:24]} {[%emt 00:00:23]} 72. Rc7+ {[%clk 00:03:15]} {[%emt 00:00:39]} Kd3
{[%clk 00:11:27]} {[%emt 00:01:28]} 73. Rc3+ {[%clk 00:02:40]} {[%emt
00:01:04]} Ke2 {[%clk 00:11:41]} {[%emt 00:00:17]} 0-1

[Event "DVM U16 2023"]
[Site "Magdeburg GER"]
[Date "2023.12.29"]
[Round "5"]
[White "Schmidt, Tobias"]
[Black "Beduschi, Ben"]
[Result "1/2-1/2"]
[Termination "normal"]
[Board "4.4"]
[WhiteElo "1618"]
[BlackElo "1638"]
[WhiteClock "00:06:07"]
[BlackClock "00:00:44"]
[WhiteTeam "SV Empor Berlin"]
[BlackTeam "Barnimer SF im SV Stahl Finow"]
[PlyCount "114"]
[WhiteFideId "16254376"]
[BlackFideId "16273443"]
[EventCountry "GER"]
[EventRounds "7"]
[EventType "team-swiss"]
[EventDate "2023.12.26"]

1. d4 {[%clk 01:30:58]} {[%emt 00:00:02]} d5 {[%clk 01:30:23]} {[%emt
00:00:37]} 2. c4 {[%clk 01:31:24]} {[%emt 00:00:05]} e6 {[%clk 01:30:49]}
{[%emt 00:00:05]} 3. Nc3 {[%clk 01:31:46]} {[%emt 00:00:08]} Nf6 {[%clk
01:31:12]} {[%emt 00:00:06]} 4. Bg5 {[%clk 01:32:12]} {[%emt 00:00:04]} Be7
{[%clk 01:31:33]} {[%emt 00:00:06]} 5. Nf3 {[%clk 01:32:34]} {[%emt 00:00:09]}
h6 {[%clk 01:31:58]} {[%emt 00:00:06]} 6. Bh4 {[%clk 01:32:49]} {[%emt
00:00:16]} O-O {[%clk 01:32:15]} {[%emt 00:00:13]} 7. e3 {[%clk 01:33:14]}
{[%emt 00:00:05]} Ne4 {[%clk 01:32:41]} {[%emt 00:00:04]} 8. Bxe7 {[%clk
01:33:09]} {[%emt 00:00:35]} Qxe7 {[%clk 01:33:06]} {[%emt 00:00:05]} 9. Bd3
{[%clk 01:31:04]} {[%emt 00:02:35]} Nxc3 {[%clk 01:32:45]} {[%emt 00:00:51]}
10. bxc3 {[%clk 01:31:09]} {[%emt 00:00:25]} dxc4 {[%clk 01:23:57]} {[%emt
00:09:18]} 11. Bxc4 {[%clk 01:31:22]} {[%emt 00:00:17]} b6 {[%clk 01:20:18]}
{[%emt 00:04:08]} 12. O-O {[%clk 01:30:28]} {[%emt 00:01:24]} Bb7 {[%clk
01:20:43]} {[%emt 00:00:05]} 13. Qe2 {[%clk 01:24:53]} {[%emt 00:06:05]} c5
{[%clk 01:14:24]} {[%emt 00:06:49]} 14. Rac1 {[%clk 01:23:00]} {[%emt
00:02:22]} Nc6 {[%clk 01:06:13]} {[%emt 00:08:42]} 15. Rfd1 {[%clk 01:11:47]}
{[%emt 00:11:43]} Rfd8 {[%clk 00:59:54]} {[%emt 00:06:49]} 16. Rc2 {[%emt
00:15:24]} Rac8 {[%clk 00:50:13]} 17. e4 {[%clk 00:55:07]} {[%emt 00:12:26]}
cxd4 {[%clk 00:41:37]} {[%emt 00:09:06]} 18. cxd4 {[%clk 00:50:46]} {[%emt
00:04:52]} Na5 {[%clk 00:40:51]} {[%emt 00:01:16]} 19. Rdc1 {[%clk 00:40:51]}
{[%emt 00:10:24]} Nxc4 {[%clk 00:39:48]} {[%emt 00:01:33]} 20. Rxc4 {[%clk
00:40:20]} {[%emt 00:01:01]} Ba6 {[%clk 00:39:56]} {[%emt 00:00:23]} 21. Ne5
{[%clk 00:31:25]} {[%emt 00:09:24]} Bxc4 {[%clk 00:40:04]} {[%emt 00:00:22]}
22. Rxc4 {[%clk 00:31:05]} {[%emt 00:00:49]} Rxc4 {[%clk 00:40:17]} {[%emt
00:00:18]} 23. Qxc4 {[%clk 00:31:30]} {[%emt 00:00:05]} Qd6 {[%clk 00:39:45]}
{[%emt 00:01:02]} 24. Nc6 {[%clk 00:28:29]} {[%emt 00:03:30]} Rd7 {[%clk
00:35:02]} {[%emt 00:05:13]} 25. g3 {[%clk 00:27:21]} {[%emt 00:01:38]} Rc7
{[%clk 00:31:41]} {[%emt 00:03:51]} 26. d5 {[%clk 00:25:49]} {[%emt 00:02:03]}
Qc5 {[%clk 00:16:29]} {[%emt 00:15:43]} 27. Qd3 {[%clk 00:06:18]} {[%emt
00:20:00]} Qd6 {[%clk 00:12:35]} {[%emt 00:04:24]} 28. Qc4 {[%clk 00:04:01]}
{[%emt 00:02:47]} exd5 {[%clk 00:10:58]} {[%emt 00:02:07]} 29. exd5 {[%clk
00:04:16]} {[%emt 00:00:15]} Rd7 {[%clk 00:10:32]} {[%emt 00:00:56]} 30. Qe4
{[%clk 00:04:07]} {[%emt 00:00:40]} Kh8 {[%clk 00:08:12]} {[%emt 00:02:50]} 31.
a4 {[%clk 00:01:03]} {[%emt 00:03:34]} Qxd5 {[%clk 00:06:28]} {[%emt 00:02:14]}
32. Qe8+ {[%clk 00:01:26]} {[%emt 00:00:07]} Kh7 {[%clk 00:06:37]} {[%emt
00:00:21]} 33. Ne7 {[%clk 00:01:53]} {[%emt 00:00:03]} Rxe7 {[%clk 00:04:33]}
{[%emt 00:02:35]} 34. Qxe7 {[%clk 00:02:20]} {[%emt 00:00:02]} a6 {[%clk
00:04:17]} {[%emt 00:00:45]} 35. Qa7 {[%clk 00:02:09]} {[%emt 00:00:42]} Qd1+
{[%clk 00:03:41]} {[%emt 00:01:05]} 36. Kg2 {[%clk 00:02:32]} {[%emt 00:00:07]}
Qxa4 {[%clk 00:02:19]} {[%emt 00:01:52]} 37. Qxf7 {[%clk 00:01:50]} {[%emt
00:01:12]} Qe4+ {[%clk 00:02:29]} {[%emt 00:00:20]} 38. Kh3 {[%clk 00:01:33]}
{[%emt 00:00:48]} Qg6 {[%clk 00:02:24]} {[%emt 00:00:34]} 39. Qd7 {[%clk
00:01:18]} {[%emt 00:00:45]} a5 {[%clk 00:02:42]} {[%emt 00:00:13]} 40. f4
{[%clk 00:01:24]} {[%emt 00:00:23]} Qh5+ {[%clk 00:02:23]} {[%emt 00:00:49]}
41. Kg2 {[%clk 00:01:38]} {[%emt 00:00:16]} Qe2+ {[%clk 00:01:32]} {[%emt
00:01:20]} 42. Kh3 {[%clk 00:00:39]} {[%emt 00:01:29]} Qh5+ {[%clk 00:25:57]}
{[%emt 00:06:04]} 43. Kg2 {[%clk 00:30:39]} {[%emt 00:00:31]} Qg6 {[%clk
00:23:19]} {[%emt 00:03:08]} 44. Qb5 {[%clk 00:24:48]} {[%emt 00:06:22]} Qd6
{[%clk 00:17:11]} {[%emt 00:06:38]} 45. Qf5+ {[%clk 00:16:15]} {[%emt
00:09:03]} Kg8 {[%clk 00:17:03]} {[%emt 00:00:36]} 46. Qc8+ {[%clk 00:14:42]}
{[%emt 00:02:04]} Kf7 {[%clk 00:16:32]} {[%emt 00:01:01]} 47. Qb7+ {[%clk
00:13:14]} {[%emt 00:01:58]} Kf6 {[%clk 00:16:23]} {[%emt 00:00:37]} 48. Qe4
{[%clk 00:10:14]} {[%emt 00:03:30]} b5 {[%clk 00:13:43]} {[%emt 00:03:11]} 49.
g4 {[%clk 00:07:18]} {[%emt 00:03:26]} Qc5 {[%clk 00:08:56]} {[%emt 00:05:18]}
50. f5 {[%clk 00:06:12]} {[%emt 00:01:35]} Qe5 {[%clk 00:08:01]} {[%emt
00:01:24]} 51. Qc6+ {[%clk 00:06:00]} {[%emt 00:00:41]} Kg5 {[%clk 00:04:02]}
{[%emt 00:04:30]} 52. h3 {[%clk 00:05:31]} {[%emt 00:00:59]} Qe2+ {[%clk
00:03:58]} {[%emt 00:00:34]} 53. Kg3 {[%clk 00:05:04]} {[%emt 00:00:58]} Qe5+
{[%clk 00:04:05]} {[%emt 00:00:23]} 54. Kg2 {[%clk 00:05:21]} {[%emt 00:00:13]}
Qe2+ {[%clk 00:01:05]} {[%emt 00:03:31]} 55. Kg3 {[%clk 00:05:45]} {[%emt
00:00:06]} Qe1+ {[%clk 00:00:47]} {[%emt 00:00:46]} 56. Kg2 {[%clk 00:05:44]}
{[%emt 00:00:32]} Qe2+ {[%clk 00:00:44]} {[%emt 00:00:32]} 57. Kg3 {[%clk
00:06:07]} {[%emt 00:00:09]} Qe5+ {[%emt 00:00:17]} 1/2-1/2

[Event "DVM U16 2023"]
[Site "Magdeburg GER"]
[Date "2023.12.29"]
[Round "5"]
[White "Gold, Jan Christian"]
[Black "Fuhrmann, Bahne"]
[Result "0-1"]
[Termination "normal"]
[Board "5.1"]
[WhiteElo "1932"]
[BlackElo "2032"]
[WhiteClock "00:08:43"]
[BlackClock "00:44:39"]
[WhiteTeam "SK Bad Homburg 1927"]
[BlackTeam "Hamburger SK 1830"]
[PlyCount "68"]
[WhiteFideId "16298128"]
[BlackFideId "16244842"]
[EventCountry "GER"]
[EventRounds "7"]
[EventType "team-swiss"]
[EventDate "2023.12.26"]

1. d4 {[%clk 01:30:45]} {[%emt 00:00:14]} Nf6 {[%clk 01:30:54]} {[%emt
00:00:06]} 2. Nf3 {[%clk 01:30:52]} {[%emt 00:00:23]} d5 {[%clk 01:30:06]}
{[%emt 00:01:18]} 3. c4 {[%clk 01:29:02]} {[%emt 00:02:19]} g6 {[%clk
01:25:45]} {[%emt 00:04:51]} 4. cxd5 {[%clk 01:28:17]} {[%emt 00:01:15]} Nxd5
{[%clk 01:20:05]} {[%emt 00:06:11]} 5. e4 {[%clk 01:27:08]} {[%emt 00:01:38]}
Nb6 {[%clk 01:20:29]} {[%emt 00:00:06]} 6. Be2 {[%clk 01:23:38]} {[%emt
00:04:01]} Bg7 {[%clk 01:20:49]} {[%emt 00:00:09]} 7. O-O {[%clk 01:22:41]}
{[%emt 00:01:27]} Bg4 {[%clk 01:20:42]} {[%emt 00:00:37]} 8. Nbd2 {[%clk
01:19:22]} {[%emt 00:03:47]} e5 {[%clk 01:15:43]} {[%emt 00:05:30]} 9. dxe5
{[%clk 01:08:19]} {[%emt 00:11:33]} N8d7 {[%clk 01:15:31]} {[%emt 00:00:40]}
10. b3 {[%clk 01:04:27]} {[%emt 00:04:21]} Nxe5 {[%clk 01:13:10]} {[%emt
00:02:53]} 11. Nxe5 {[%clk 01:02:53]} {[%emt 00:02:04]} Bxe5 {[%clk 01:08:12]}
{[%emt 00:05:28]} 12. Rb1 {[%clk 01:01:46]} {[%emt 00:01:37]} Bxe2 {[%clk
01:07:59]} {[%emt 00:00:43]} 13. Qxe2 {[%clk 01:02:14]} {[%emt 00:00:02]} O-O
{[%clk 01:07:13]} {[%emt 00:01:16]} 14. Nc4 {[%clk 00:58:21]} {[%emt 00:04:23]}
Nxc4 {[%clk 01:04:44]} {[%emt 00:03:00]} 15. Qxc4 {[%clk 00:57:23]} {[%emt
00:01:28]} Qe7 {[%clk 01:03:47]} {[%emt 00:01:27]} 16. Bb2 {[%clk 00:57:25]}
{[%emt 00:00:28]} Bxb2 {[%clk 01:03:33]} {[%emt 00:00:45]} 17. Rxb2 {[%clk
00:57:52]} {[%emt 00:00:02]} Rfd8 {[%clk 01:03:52]} {[%emt 00:00:11]} 18. Rc2
{[%clk 00:52:50]} {[%emt 00:05:32]} Rd7 {[%clk 01:02:47]} {[%emt 00:01:35]} 19.
Rfc1 {[%clk 00:49:09]} {[%emt 00:04:12]} Rad8 {[%clk 01:02:09]} {[%emt
00:01:09]} 20. Qe2 {[%clk 00:49:00]} {[%emt 00:00:39]} b6 {[%clk 00:58:00]}
{[%emt 00:04:38]} 21. h3 {[%clk 00:36:53]} {[%emt 00:12:37]} c5 {[%clk
00:58:06]} {[%emt 00:00:24]} 22. Re1 {[%clk 00:34:58]} {[%emt 00:02:25]} Qe5
{[%clk 00:57:07]} {[%emt 00:01:29]} 23. g3 {[%clk 00:32:25]} {[%emt 00:03:03]}
Rd3 {[%clk 00:52:56]} {[%emt 00:04:40]} 24. Kg2 {[%clk 00:31:55]} {[%emt
00:01:01]} R8d4 {[%clk 00:47:24]} {[%emt 00:06:01]} 25. f4 {[%clk 00:22:32]}
{[%emt 00:09:53]} Qd6 {[%clk 00:47:44]} {[%emt 00:00:10]} 26. Qf2 {[%clk
00:21:04]} {[%emt 00:01:58]} Rxe4 {[%clk 00:45:37]} {[%emt 00:02:37]} 27. Rxe4
{[%clk 00:20:07]} {[%emt 00:01:27]} Qd5 {[%clk 00:45:57]} {[%emt 00:00:09]} 28.
Qe2 {[%clk 00:18:19]} {[%emt 00:02:18]} Rd4 {[%clk 00:45:49]} {[%emt 00:00:38]}
29. Rc4 {[%clk 00:13:12]} {[%emt 00:05:38]} f5 {[%clk 00:44:59]} {[%emt
00:01:20]} 30. Kf2 {[%clk 00:11:02]} {[%emt 00:02:39]} fxe4 {[%clk 00:44:40]}
{[%emt 00:00:49]} 31. Rc2 {[%clk 00:11:00]} {[%emt 00:00:32]} Rd3 {[%clk
00:44:29]} {[%emt 00:00:41]} 32. Ke1 {[%clk 00:10:04]} {[%emt 00:01:26]} Qd4
{[%clk 00:44:22]} {[%emt 00:00:37]} 33. Kf1 {[%clk 00:08:30]} {[%emt 00:02:04]}
Rd1+ {[%clk 00:44:39]} {[%emt 00:00:13]} 34. Kg2 {[%clk 00:08:43]} {[%emt
00:00:17]} Qg1# {[%emt 00:00:06]} 0-1